00772na a2200241 450000100060000000300080000600500170001400800410003102000150007204000250008704100080011208200250012010000240014524501190016925000190028826000340030730000190034149000380036050400290039865000400042765000260046765100370049320328MIRAKIL20181213155010.0170118b tu 000 0  a9754941440 aMilasbturcTR-AnCHP atur a306.09561bT86t 2000 aTuran, Şerafettin aTürk kültür tarihibTürk kültüründen Türkiye kültürüne ve evrenselliğecŞerafettin Turan agnşl. 3. bs. aAnkarabBilgi Yayınevic2000 a407 s.c24 sm. aBilgi Yayınları/Özel diziv24 aKaynakça ve dizin var. aKültürel etkileşimzTürkiye aKültürxTürkler aTürkiyexKültür kurumları